000 00526nam a2200193 a 4500
001 1766491393785
003 ACL
005 20251223173705.0
008 251223s1964##################000#0#eng##
020 _a9780140136586
082 0 4 _a649.1
_bWIN
100 1 _aWinnicott, Donald Woods,
_eauthor.
245 1 0 _aThe Child, the Family, and the Outside World :
260 _bHarmondsworth, Eng. : Penquin Books,
_c1964.
300 _a238 pages
650 0 _aChild development.
942 _cENGLISH
040 _aACL
_beng
_cACL
999 _c604331
_d604331